000 00446cam a2200169ua 4500
041 _aeng
_h
082 _a028.71621
_bDEM/BI
100 _aDemuynck, M .
245 _aBiogas plants in Europe: A practical handbook, Vol.6 /
_cM.Demuynck.
_hTextual Documents
260 _a :
_bD Reidel publishing company ,
_c1984.
300 _a340 ; .
504 _a
700 1 _aNyns, E.J .
700 1 _aPalz, W .
942 _cBK
999 _c9971
_d9971